[Event "Championnat de France - Open D"]
[Site "PAU"]
[Date "2012.08.19"]
[Round "6.9"]
[White "Raynaud, Alexia"]
[Black "Buyukyalcin-Moussa, Kadir"]
[Result "0-1"]
[WhiteElo "1384"]
[BlackElo "1445"]
[PlyCount "58"]

1. e4 e6 2. d4 d5 3. Nd2 Nf6 4. e5 Nfd7 5. f4 c5 6. Ngf3 cxd4 7. Nb3 Nc6 8.
Nfxd4 Nc5 9. Bb5 Bd7 10. Be3 Nxb3 11. axb3 a6 12. Bd3 Qb6 13. c3 Bc5 14. Bc2
Nxd4 15. Bxd4 Rc8 16. b4 Bxd4 17. cxd4 Qxb4+ 18. Qd2 Qxb2 19. Rc1 Qc3 20. Qxc3
Rxc3 21. O-O Ke7 22. Rf3 Rxf3 23. gxf3 Rc8 24. Kf2 Ba4 25. Rg1 Rxc2+ 26. Kf1
Rc1+ 27. Kf2 Rxg1 28. Kxg1 b5 29. Kf1 b4 0-1

[Event "Championnat de France - Open D"]
[Site "PAU"]
[Date "2012.08.19"]
[Round "6.10"]
[White "Fouliard, Matthieu"]
[Black "Kneib, Bernard"]
[Result "1-0"]
[WhiteElo "1391"]
[BlackElo "1495"]
[PlyCount "39"]

1. e4 d6 2. d4 Nf6 3. Nc3 g6 4. Nf3 Bg7 5. Bc4 O-O 6. h3 Nxe4 7. Nxe4 d5 8. Bd3
dxe4 9. Bxe4 c6 10. Be3 Nd7 11. Qd2 Nf6 12. Bd3 Re8 13. Bh6 Bh8 14. Bc4 e6 15.
O-O-O Qb6 16. h4 Ng4 17. h5 c5 18. hxg6 fxg6 19. Bf4 Nxf2 20. Ng5 1-0

[Event "Championnat de France - Open D"]
[Site "PAU"]
[Date "2012.08.21"]
[Round "7.1"]
[White "Brivet-Naudot, Cyril"]
[Black "Thouvenin, Jean-Claude"]
[Result "1/2-1/2"]
[WhiteElo "1499"]
[BlackElo "1499"]
[PlyCount "138"]

1. e4 e6 2. d4 d5 3. e5 c5 4. c3 Bd7 5. Nf3 c4 6. b3 b5 7. a4 Qa5 8. Bb2 b4 9.
bxc4 bxc3 10. Bxc3 Bb4 11. Bxb4 Qxb4+ 12. Nbd2 Ne7 13. Be2 dxc4 14. Bxc4 O-O
15. Qb3 a5 16. O-O Rd8 17. Bb5 Nbc6 18. Qxb4 Nxb4 19. Nb3 Bxb5 20. axb5 a4 21.
Nc5 a3 22. Rfb1 Nc2 23. Ra2 Nxd4 24. Nxd4 Rxd4 25. Na6 Rad8 26. g3 Ra4 27. Rb3
Nd5 28. Raxa3 Rxa3 29. Rxa3 Ra8 30. Rb3 Ra7 31. f4 Kf8 32. Kf2 Ke7 33. Ke2 Kd8
34. Kd3 Kc8 35. Kd4 Kb7 36. Kc5 Ra8 37. Nb4 Nxb4 38. Kxb4 Rd8 39. Rb2 Kb6 40.
Rc2 Rd4+ 41. Rc4 Rd2 42. Rc6+ Kb7 43. Kc5 Rd5+ 44. Kc4 Rd1 45. Rd6 Rc1+ 46. Kd4
Rd1+ 47. Ke4 Re1+ 48. Kf3 Rc1 49. Rd8 h5 50. Rd7+ Rc7 51. Rxc7+ Kxc7 52. Ke4
Kb6 53. f5 Kxb5 54. fxe6 fxe6 55. Kf4 Kc5 56. Kg5 Kd5 57. Kxh5 Kxe5 58. Kg4 Ke4
59. h4 e5 60. h5 Kd3 61. Kg5 e4 62. Kg6 e3 63. Kxg7 e2 64. h6 e1=Q 65. h7 Qxg3+
66. Kh8 Qe5+ 67. Kg8 Qe8+ 68. Kg7 Qe7+ 69. Kg8 Qxh7+ 1/2-1/2

[Event "Championnat de France - Open D"]
[Site "PAU"]
[Date "2012.08.21"]
[Round "7.2"]
[White "Sauvage, Thierry"]
[Black "Salvi, Michel"]
[Result "0-1"]
[WhiteElo "1489"]
[BlackElo "1499"]
[PlyCount "50"]

1. e4 c5 2. Nf3 Nc6 3. d4 cxd4 4. Nxd4 e5 5. Nxc6 bxc6 6. Bd3 Be7 7. Be3 Nf6 8.
Nc3 d6 9. O-O O-O 10. f4 Ng4 11. Qd2 Nxe3 12. Qxe3 d5 13. exd5 cxd5 14. Ne2 e4
15. Bb5 Rb8 16. c4 a6 17. Ba4 Rb4 18. b3 Bg4 19. cxd5 Qxd5 20. Rfd1 Qh5 21. Rd2
Bxe2 22. Rxe2 Bc5 23. Qxc5 Qxc5+ 24. Kf1 g6 25. Rd1 Rd4 0-1

[Event "Championnat de France - Open D"]
[Site "PAU"]
[Date "2012.08.21"]
[Round "7.3"]
[White "Fares, Leo"]
[Black "Rivollier, Frederic"]
[Result "1-0"]
[WhiteElo "1488"]
[BlackElo "1455"]
[PlyCount "107"]

1. b3 b6 2. Bb2 Bb7 3. Nc3 Nf6 4. d3 e5 5. e4 Bb4 6. Nf3 Qe7 7. Be2 O-O 8. O-O
Bxc3 9. Bxc3 d6 10. Qd2 a5 11. a4 c5 12. Rfd1 Nc6 13. Rac1 Bc8 14. Bb2 Nd4 15.
Nxd4 exd4 16. c3 dxc3 17. Bxc3 Bg4 18. Bxf6 Qxf6 19. Bxg4 Rfe8 20. Qc3 Qg5 21.
Bf3 Rad8 22. d4 Qh6 23. dxc5 dxc5 24. Rxd8 Rxd8 25. Re1 Qd2 26. Qxd2 Rxd2 27.
h3 f6 28. Rd1 Rxd1+ 29. Bxd1 Kf7 30. Kf1 g6 31. Ke2 Ke6 32. f4 Kd6 33. Bc2 g5
34. g3 Kc6 35. Bd3 Kd6 36. Bc4 Ke7 37. Kd3 Kd6 38. Bd5 h5 39. Kc4 h4 40. gxh4
gxh4 41. Kb5 Kc7 42. Kc4 Kd6 43. Kd3 f5 44. Ke3 fxe4 45. Kxe4 Ke7 46. Ke5 Kd7
47. f5 Ke7 48. f6+ Kf8 49. Bc6 Kf7 50. Kf5 Kf8 51. Kg6 Kg8 52. Bd5+ Kf8 53. f7
Ke7 54. Kg7 1-0

[Event "Championnat de France - Open D"]
[Site "PAU"]
[Date "2012.08.21"]
[Round "7.5"]
[White "Grothe, Alice"]
[Black "Fouliard, Matthieu"]
[Result "0-1"]
[WhiteElo "1468"]
[BlackElo "1391"]
[PlyCount "108"]

1. f4 f5 2. Nf3 e6 3. e3 Nf6 4. b3 Be7 5. Bb2 O-O 6. Be2 b6 7. O-O Bb7 8. Qe1
Nd5 9. c4 Nb4 10. Qd1 Bf6 11. Nc3 d6 12. a3 N4c6 13. Qe1 Qe8 14. Qg3 Qh5 15.
Ng5 Qe8 16. Qh3 h6 17. Nf3 Nd7 18. Nh4 Nc5 19. b4 Ne4 20. Rad1 Nxc3 21. Bxc3
Bxc3 22. dxc3 a5 23. Ra1 Rf7 24. Bh5 g5 25. fxg5 hxg5 26. Nxf5 exf5 27. Bxf7+
Qxf7 28. Rxf5 Qxc4 29. Rxg5+ Kf8 30. Rf1+ Ke8 31. Qh5+ Kd7 32. Qf7+ Qxf7 33.
Rxf7+ Ne7 34. Rgg7 Re8 35. c4 Ke6 36. h4 Be4 37. Rf4 Bg6 38. g4 axb4 39. axb4
Rh8 40. h5 Bxh5 41. gxh5 Rxh5 42. Re4+ Re5 43. Rxe5+ dxe5 44. e4 Nc6 45. Rxc7
Nxb4 46. Rb7 Kd6 47. Rxb6+ Kc5 48. Re6 Nd3 49. Kg2 Nf4+ 50. Kg3 Nxe6 51. Kg4
Kxc4 52. Kf5 Kd4 53. Kxe6 Kxe4 54. Kf6 Kf4 0-1

[Event "Championnat de France - Open D"]
[Site "PAU"]
[Date "2012.08.21"]
[Round "7.7"]
[White "Baudry, Clement"]
[Black "Pedarrieu, Gerard"]
[Result "1-0"]
[WhiteElo "1478"]
[BlackElo "1466"]
[PlyCount "101"]

1. e4 e5 2. Nf3 Nc6 3. Bc4 Bc5 4. c3 d6 5. Bb3 Nf6 6. d3 h6 7. Be3 Bb6 8. Nbd2
Ng4 9. Bxb6 axb6 10. h3 Nf6 11. O-O Be6 12. d4 Ne7 13. Bxe6 fxe6 14. dxe5 dxe5
15. Nxe5 O-O 16. Qe2 Nd7 17. Nxd7 Qxd7 18. Rfd1 Ng6 19. Nf3 Qe7 20. a3 Nf4 21.
Qe3 Qf6 22. Kh1 Qg6 23. Rg1 Qh5 24. Nh2 Ra5 25. Nf1 Rg5 26. Ng3 Qh4 27. Kh2 Ng6
28. Raf1 Ne5 29. Qe2 Ng6 30. Qe3 Ne5 31. Qe2 Ng4+ 32. Kh1 Nxf2+ 33. Rxf2 Rxf2
34. Qxf2 Qxg3 35. Qxg3 Rxg3 36. Rd1 Re3 37. Rd7 Rxe4 38. Rxc7 Re1+ 39. Kh2 Re2
40. b4 Re3 41. Rxb7 Rxc3 42. Rxb6 Kf7 43. a4 e5 44. a5 e4 45. Kg1 Rc2 46. a6 e3
47. Kf1 Rf2+ 48. Ke1 Rxg2 49. Rb5 Ke6 50. a7 Ra2 51. Ra5 1-0

[Event "Championnat de France - Open D"]
[Site "PAU"]
[Date "2012.08.21"]
[Round "7.8"]
[White "Leost, Joel"]
[Black "Malassagne, Gabriel"]
[Result "0-1"]
[WhiteElo "1491"]
[BlackElo "1396"]
[PlyCount "59"]

1. e4 c5 2. Bc4 d6 3. Nc3 Nf6 4. Nf3 g6 5. d4 cxd4 6. Nxd4 Bg7 7. O-O O-O 8.
Nf3 Nc6 9. Bg5 Bd7 10. Qd2 Rc8 11. Rad1 Na5 12. Bd3 Nc4 13. Bxc4 Rxc4 14. e5
Ne8 15. exd6 Nxd6 16. Rfe1 f6 17. Bh6 Bc6 18. Bxg7 Kxg7 19. Nd4 Bd7 20. Nd5 Rf7
21. Nf4 Qb6 22. Nde6+ Bxe6 23. Nxe6+ Kg8 24. b3 Rc8 25. c4 Qc6 26. Qe2 Nf5 27.
Rd8+ Rf8 28. Rxc8 Rxc8 29. g4 Nh4 30. Nf4 0-1

[Event "Championnat de France - Open D"]
[Site "PAU"]
[Date "2012.08.21"]
[Round "7.9"]
[White "Levinski, Jean-Pierre"]
[Black "Ragneau, Freddy"]
[Result "0-1"]
[WhiteElo "1418"]
[BlackElo "1499"]
[PlyCount "110"]

1. c4 Nf6 2. Nc3 e5 3. g3 c6 4. d4 exd4 5. Qxd4 Be7 6. Bg2 O-O 7. Nf3 Na6 8. a3
Nc5 9. Qd1 a5 10. Be3 b6 11. O-O Re8 12. Qc2 Qc7 13. Rad1 Bb7 14. Bf4 d6 15.
Rfe1 Ne6 16. Bc1 Rad8 17. Nd4 Qc8 18. Na4 Nxd4 19. Rxd4 c5 20. Bxb7 Qxb7 21.
Rd3 Qc6 22. Red1 d5 23. cxd5 Nxd5 24. Qb3 c4 25. Qc2 b5 26. Rxd5 Rxd5 27. Rxd5
Qxd5 28. Nc3 Qc6 29. Qf5 b4 30. axb4 axb4 31. Nd5 Bf8 32. Qf3 Qe6 33. e3 Rd8
34. Nf4 Qf5 35. Qe2 Qb1 36. Qf1 c3 37. bxc3 bxc3 38. Ne2 Qc2 39. Nd4 Qb1 40.
Qd1 Ba3 41. Qa4 Qxc1+ 42. Kg2 Qb2 43. Nc6 Rf8 44. Nd4 Qb4 45. Qa6 Bb2 46. Nc6
Qe4+ 47. f3 Qxe3 48. Nb4 Qd2+ 49. Kh3 c2 50. Nxc2 Qxc2 51. Qa2 Qc3 52. f4 Bc1
53. Kh4 Qf3 54. Qc4 g6 55. h3 Qh5# 0-1

[Event "Championnat de France - Open D"]
[Site "PAU"]
[Date "2012.08.21"]
[Round "7.10"]
[White "Sabatier, Mathis"]
[Black "Laudat, Philippe"]
[Result "0-1"]
[WhiteElo "1415"]
[BlackElo "1490"]
[PlyCount "202"]

1. d4 d5 2. c4 c6 3. Nd2 Nf6 4. e3 Bf5 5. Ngf3 e6 6. cxd5 exd5 7. Be2 Na6 8.
Bxa6 bxa6 9. Qa4 Qb6 10. Ne5 Bd7 11. Nxd7 Nxd7 12. a3 Be7 13. O-O O-O 14. Nb3
Qb5 15. Qxb5 axb5 16. Bd2 Rac8 17. Rac1 a6 18. Bb4 Bxb4 19. axb4 Nb6 20. Na5
Nc4 21. Rc2 Rc7 22. b3 Nxa5 23. bxa5 Rfc8 24. b4 Kf8 25. Rfc1 Ke7 26. Kf1 Ke6
27. Ke2 f5 28. Kf3 g5 29. g3 g4+ 30. Kf4 Kf6 31. Rc5 Ke6 32. Kg5 Rg7+ 33. Kf4
Rgc7 34. Kg5 h6+ 35. Kf4 h5 36. R1c2 Kd6 37. Kxf5 Rg8 38. Kf6 Rf8+ 39. Kg5 Rg7+
40. Kh4 Rc7 41. R5c3 Rfc8 42. Rc5 Ke6 43. R5c3 Kf5 44. Rc5 Ke4 45. R5c3 Kf3 46.
Rb3 Ke4 47. Rbc3 Kf5 48. Rc5 Ke4 49. R5c3 Kf3 50. Rb3 Rf8 51. Rbc3 Rfc8 52. Rb3
Ke4 53. Rbc3 Kf5 54. Rc5 Ke6 55. R5c3 Kd6 56. Rc5 Rf8 57. R5c3 Rf6 58. Rc5 Kd7
59. Rb2 Ke6 60. Rbc2 Kf5 61. R5c3 Ke4 62. Rb2 Rcf7 63. Rcc2 Kf3 64. Rc3 Kg2 65.
f4+ Kf3 66. Rb1 Ke4 67. Rf1 Kf5 68. Re1 Re7 69. Rb3 Rfe6 70. Rc3 Rd6 71. Rb3
Re4 72. Rc3 Rde6 73. Rd3 Re7 74. Re2 c5 75. bxc5 b4 76. c6 Rc7 77. Rc2 Re6 78.
Rb3 Rexc6 79. Rxc6 Rxc6 80. Kxh5 Rc8 81. Kh6 Kf6 82. Kh5 Kf5 83. Kh6 Rc6+ 84.
Kg7 Rc7+ 85. Kh6 Rb7 86. Rb2 Rb5 87. Ra2 b3 88. Rb2 Ke4 89. Kg5 Kxe3 90. f5
Kxd4 91. f6 Kc3 92. Rf2 d4+ 93. Kg6 b2 94. f7 b1=Q+ 95. Kg7 Rb7 96. Kf6 Rxf7+
97. Kxf7 Qb7+ 98. Ke6 Qg7 99. Kd5 Qg5+ 100. Ke6 Qe3+ 101. Kd6 Qxf2 0-1

[Event "Championnat de France - Open D"]
[Site "PAU"]
[Date "2012.08.22"]
[Round "8.1"]
[White "Fares, Leo"]
[Black "Brivet-Naudot, Cyril"]
[Result "1-0"]
[WhiteElo "1488"]
[BlackElo "1499"]
[PlyCount "111"]

1. c4 Nf6 2. Nc3 e6 3. d4 d5 4. cxd5 exd5 5. Nf3 Be7 6. e3 O-O 7. Qc2 a6 8. Bd2
Nc6 9. Be2 Be6 10. O-O Qd7 11. Rac1 Bd6 12. Rfe1 Rfe8 13. Bd3 Ne7 14. Ne2 Bf5
15. Bc3 Bxd3 16. Qxd3 Ne4 17. Nd2 Qf5 18. Nxe4 dxe4 19. Qc2 Nd5 20. a3 c6 21.
Bd2 Qh5 22. h3 Re6 23. Qd1 Rg6 24. Kh1 Qh4 25. Rf1 Qg5 26. Rg1 f5 27. Nc3 Nxc3
28. Bxc3 Rb8 29. Bd2 f4 30. exf4 Bxf4 31. Bxf4 Qxf4 32. Qe2 Rf6 33. Rgf1 Rd8
34. Qe3 Qxe3 35. fxe3 Rdf8 36. Kg1 Rf5 37. Rxf5 Rxf5 38. Rf1 g6 39. Rxf5 gxf5
40. Kf2 Kg7 41. Kg3 Kg6 42. Kf4 Kf6 43. g4 fxg4 44. hxg4 h6 45. Kxe4 Kg5 46.
Kf3 Kf6 47. Kf4 Ke6 48. e4 Kf6 49. a4 a5 50. e5+ Kg6 51. Ke4 Kf7 52. Kf5 b6 53.
b3 b5 54. e6+ Ke7 55. Ke5 bxa4 56. bxa4 1-0

[Event "Championnat de France - Open D"]
[Site "PAU"]
[Date "2012.08.22"]
[Round "8.2"]
[White "Salvi, Michel"]
[Black "Azouni, Anais"]
[Result "0-1"]
[WhiteElo "1499"]
[BlackElo "1439"]
[PlyCount "106"]

1. d4 Nf6 2. Nc3 g6 3. e4 d6 4. Nf3 Bg7 5. Bc4 O-O 6. Bb3 Nbd7 7. e5 dxe5 8.
dxe5 Ng4 9. e6 Nde5 10. exf7+ Nxf7 11. Qxd8 Rxd8 12. Ng5 e6 13. Nxf7 Kxf7 14.
h3 Nf6 15. O-O Bd7 16. Bg5 h6 17. Bh4 Bc6 18. Rad1 Rd6 19. Bg3 Rxd1 20. Rxd1
Ne8 21. Re1 Bd7 22. Ne4 Bc6 23. Nc5 Bd5 24. c4 Bc6 25. Nxe6 Bxb2 26. Nxc7 Nxc7
27. Bxc7 Rf8 28. Bd6 Rd8 29. Bc5 Rd2 30. Be3 Rd3 31. Bxh6 Bd4 32. Be3 Bxe3 33.
Rxe3 Rxe3 34. fxe3 Ke6 35. Kf2 Ke5 36. g3 Ke4 37. Ke2 Bd7 38. Bc2+ Ke5 39. h4
Bg4+ 40. Kf2 Kf6 41. a4 Be6 42. Bb3 Bg4 43. e4 Ke5 44. Ke3 b6 45. Kd3 Bh3 46.
Bc2 Bf1+ 47. Kc3 Bg2 48. c5 bxc5 49. Kc4 Bxe4 50. Bd1 Kd6 51. g4 a6 52. Be2 Bc6
53. a5 Bb5+ 0-1

[Event "Championnat de France - Open D"]
[Site "PAU"]
[Date "2012.08.22"]
[Round "8.3"]
[White "Thouvenin, Jean-Claude"]
[Black "Fouliard, Matthieu"]
[Result "1-0"]
[WhiteElo "1499"]
[BlackElo "1391"]
[PlyCount "63"]

1. e4 e5 2. Nf3 Nc6 3. Bb5 Nge7 4. O-O g6 5. d4 exd4 6. Nxd4 Bg7 7. c3 O-O 8.
f4 d5 9. e5 f6 10. exf6 Bxf6 11. Bxc6 Nxc6 12. Nxc6 bxc6 13. Be3 Re8 14. Bc5
Rb8 15. b4 a6 16. g4 Be7 17. Ba7 Rb7 18. Bd4 Qd7 19. f5 gxf5 20. gxf5 Bg5 21.
Qg4 Kf7 22. Qh5+ Kf8 23. Qxg5 Re2 24. Nd2 a5 25. a3 axb4 26. axb4 Qf7 27. Ra8
Qd7 28. Bc5+ Kf7 29. Qh5+ Kg8 30. Qxe2 Kf7 31. Qe6+ Kg7 32. Rxc8 1-0

[Event "Championnat de France - Open D"]
[Site "PAU"]
[Date "2012.08.22"]
[Round "8.4"]
[White "Malassagne, Gabriel"]
[Black "Buyukyalcin-Moussa, Kadir"]
[Result "0-1"]
[WhiteElo "1396"]
[BlackElo "1445"]
[PlyCount "104"]

1. e4 e6 2. d4 d5 3. Nd2 Nf6 4. e5 Nfd7 5. Bd3 c5 6. c3 Nc6 7. Ne2 Qb6 8. Nf3
Be7 9. O-O cxd4 10. cxd4 f6 11. exf6 Bxf6 12. Bc2 h6 13. Bg6+ Kd8 14. Rb1 Nf8
15. Bc2 Nb4 16. a3 Nxc2 17. Qxc2 Bd7 18. Bf4 Rc8 19. Qd2 Ng6 20. Rfc1 Ke7 21.
Qd3 Kf7 22. Rd1 Bb5 23. Qd2 Bxe2 24. Qxe2 Nxf4 25. Ne5+ Bxe5 26. Qxe5 Ng6 27.
Qh5 Qd8 28. Qf3+ Qf6 29. Qb3 Qe7 30. Rd3 Qc7 31. Rf3+ Kg8 32. h3 Kh7 33. Qd3
Qc2 34. Qf1 Rhf8 35. Re3 Rxf2 36. Qxf2 Qxb1+ 37. Re1 Rc1 38. Rxc1 Qxc1+ 39. Kh2
Qf4+ 40. Kg1 Qxf2+ 41. Kxf2 Ne7 42. Ke3 Nc6 43. b4 Kg6 44. b5 Nxd4 45. Kxd4 Kf5
46. g3 g5 47. Ke3 h5 48. a4 e5 49. Kf3 e4+ 50. Ke3 Ke5 51. a5 d4+ 52. Kd2 Kd5
0-1

[Event "Championnat de France - Open D"]
[Site "PAU"]
[Date "2012.08.22"]
[Round "8.5"]
[White "Sauvage, Thierry"]
[Black "Baudry, Clement"]
[Result "0-1"]
[WhiteElo "1489"]
[BlackElo "1478"]
[PlyCount "124"]

1. e4 b6 2. Nf3 Bb7 3. d3 e6 4. Be2 Nf6 5. Bd2 d6 6. Nc3 Be7 7. O-O O-O 8. e5
dxe5 9. Nxe5 Nbd7 10. Nxd7 Qxd7 11. Bf3 c5 12. Bxb7 Qxb7 13. Re1 Rad8 14. Qe2
Rd7 15. Ne4 Nxe4 16. Qxe4 Qxe4 17. Rxe4 Bf6 18. Bc3 Bxc3 19. bxc3 Rfd8 20. a4
a6 21. Rb1 Rd6 22. Kf1 Rb8 23. c4 Kf8 24. f4 h5 25. Kf2 g6 26. c3 Rxd3 27. Ke2
Rxc3 28. Kd2 Ra3 29. Rb2 Rxa4 30. Re3 Rxc4 31. g3 Rd8+ 32. Ke2 b5 33. Ra3 Ra4
34. Rxa4 bxa4 35. Rb6 Rc8 36. Rxa6 c4 37. Kd2 c3+ 38. Kc2 Rc4 39. Rd6 a3 40.
Ra6 Ke7 41. Rxa3 Kf6 42. Ra7 h4 43. Rb7 hxg3 44. hxg3 Rc5 45. Ra7 g5 46. fxg5+
Rxg5 47. Kxc3 Rxg3+ 48. Kd4 Rg4+ 49. Ke3 e5 50. Kf3 Rf4+ 51. Ke3 Kg5 52. Re7 f6
53. Rg7+ Kf5 54. Re7 Ra4 55. Kf3 Ra3+ 56. Ke2 Ke4 57. Re6 f5 58. Rb6 Ra2+ 59.
Kd1 Ra4 60. Rb2 f4 61. Ke2 Kf5 62. Ke1 Re4+ 0-1

[Event "Championnat de France - Open D"]
[Site "PAU"]
[Date "2012.08.22"]
[Round "8.6"]
[White "Ragneau, Freddy"]
[Black "Apap, Titouan"]
[Result "0-1"]
[WhiteElo "1499"]
[BlackElo "1420"]
[PlyCount "90"]

1. d4 d5 2. c4 c6 3. Nc3 Nf6 4. Nf3 e6 5. Bg5 Nbd7 6. e3 Qa5 7. Bd3 dxc4 8.
Bxf6 Nxf6 9. Bxc4 Bb4 10. Rc1 b5 11. Bb3 Ne4 12. Qd3 Nxc3 13. bxc3 Ba3 14. Rc2
O-O 15. O-O Rd8 16. Qe4 Rb8 17. Ne5 Bb7 18. Qf4 Qc7 19. Nd3 Bd6 20. Qh4 Ba6 21.
Nb4 Bb7 22. Nd3 a5 23. Rcc1 h6 24. c4 Ba3 25. Rc3 a4 26. Bd1 Be7 27. Qh5 bxc4
28. Rxc4 Ba6 29. Rc3 Bb4 30. Nxb4 Rxb4 31. Be2 Rd5 32. Qf3 Rf5 33. Rxc6 Qe7 34.
Qg4 h5 35. Qe4 Bxe2 36. Re1 Ba6 37. Rxa6 Rb2 38. Rxa4 Rbxf2 39. Ra8+ Kh7 40. g4
hxg4 41. Rc8 Qh4 42. Qh1 Qh3 43. Rcc1 Rxa2 44. Rc5 Rf1+ 45. Rxf1 Qxe3+ 0-1

[Event "Championnat de France - Open D"]
[Site "PAU"]
[Date "2012.08.22"]
[Round "8.7"]
[White "Laudat, Philippe"]
[Black "Karsenty, Madeleine"]
[Result "1-0"]
[WhiteElo "1490"]
[BlackElo "1407"]
[PlyCount "95"]

1. d4 d5 2. Bf4 Nf6 3. e3 e6 4. Nf3 Bd6 5. Bg5 c6 6. Nbd2 Nbd7 7. Be2 O-O 8.
O-O e5 9. dxe5 Nxe5 10. Nxe5 Bxe5 11. c3 Qd6 12. Nf3 Ne4 13. Nxe5 Nxg5 14. Nf3
Nxf3+ 15. Bxf3 Qf6 16. e4 dxe4 17. Bxe4 Re8 18. Re1 Be6 19. Qa4 Red8 20. Rad1
Rxd1 21. Rxd1 Bf5 22. Bxf5 Qxf5 23. Qb3 b6 24. Qa4 Qe6 25. Qxa7 Re8 26. h3 Qe2
27. Qd7 h6 28. Rf1 c5 29. Qc6 Re6 30. Qc8+ Kh7 31. Qd7 Rf6 32. b4 Qxa2 33. bxc5
bxc5 34. Qd3+ Kg8 35. f3 Qa6 36. Qc2 c4 37. Rb1 Qa7+ 38. Kh1 Qc7 39. Ra1 g6 40.
Qe4 Qc6 41. Qe7 Re6 42. Qd8+ Re8 43. Qd4 Kh7 44. Qf4 Re6 45. Qxf7+ Kh8 46. Qf8+
Kh7 47. Ra7+ Re7 48. Rxe7# 1-0

[Event "Championnat de France - Open D"]
[Site "PAU"]
[Date "2012.08.22"]
[Round "8.8"]
[White "Houssaye, Martin"]
[Black "Bureau-Leroyer, Lola"]
[Result "1-0"]
[WhiteElo "1470"]
[BlackElo "1396"]
[PlyCount "103"]

1. e4 e5 2. f4 d5 3. exd5 exf4 4. Nf3 Nf6 5. Nc3 Bb4 6. Bc4 O-O 7. O-O Bg4 8.
a3 Bc5+ 9. d4 Bxf3 10. Rxf3 Bb6 11. Bxf4 Re8 12. Bg5 Nbd7 13. Kh1 Qc8 14. Qd3
a6 15. b4 a5 16. Raf1 axb4 17. axb4 Ra3 18. Qd2 Qa8 19. Bxf6 Nxf6 20. Rg3 Ra1
21. Qg5 Nh5 22. Qxh5 Rxf1+ 23. Bxf1 Re1 24. Rf3 g6 25. Qg4 Qa1 26. Qf4 f5 27.
h4 Rxf1+ 28. Rxf1 Qxc3 29. d6 cxd6 30. Qxd6 Bxd4 31. Qd8+ Kg7 32. Qd7+ Kh6 33.
Qxb7 Be5 34. Qf3 Qd4 35. c3 Qxh4+ 36. Qh3 Qxh3+ 37. gxh3 Bxc3 38. b5 Bd4 39.
Rb1 f4 40. b6 Be5 41. b7 Bb8 42. Rc1 Kg5 43. Rc8 Bd6 44. b8=Q Bxb8 45. Rxb8 Kh4
46. Kg2 f3+ 47. Kxf3 Kxh3 48. Rh8 h5 49. Rg8 h4 50. Rxg6 Kh2 51. Rh6 Kh3 52.
Kf4 1-0

[Event "Championnat de France - Open D"]
[Site "PAU"]
[Date "2012.08.22"]
[Round "8.9"]
[White "Grothe, Alice"]
[Black "Aumont, Tom"]
[Result "0-1"]
[WhiteElo "1468"]
[BlackElo "1390"]
[PlyCount "95"]

1. f4 d5 2. Nf3 e6 3. e3 Nf6 4. Bd3 Bd6 5. O-O O-O 6. b3 c5 7. Bb2 Nc6 8. Nc3
b6 9. a3 Bb7 10. Ne2 d4 11. exd4 cxd4 12. Nfxd4 Nxd4 13. Bxd4 Nh5 14. Qe1 Bxf4
15. Nxf4 Qxd4+ 16. Qe3 Qxe3+ 17. dxe3 Nxf4 18. exf4 Rfd8 19. Rad1 Rd5 20. c4
Rc5 21. b4 Rc7 22. Be2 g6 23. g4 Re8 24. Rd2 Rce7 25. Bf3 Bxf3 26. Rxf3 f5 27.
h3 e5 28. Re2 exf4 29. Rxe7 Rxe7 30. Rxf4 fxg4 31. hxg4 Re1+ 32. Kf2 Ra1 33.
Rf3 Rd1 34. Ke3 Rd7 35. Ke4 h5 36. gxh5 gxh5 37. Rh3 Rh7 38. Kd5 Rd7+ 39. Kc6
Rd4 40. Kb7 Rxc4 41. Kxa7 Rc6 42. Rxh5 Kf7 43. Rb5 Rc3 44. a4 Ra3 45. a5 bxa5
46. Rxa5 Rxa5+ 47. bxa5 Ke7 48. Kb8 0-1

[Event "Championnat de France - Open D"]
[Site "PAU"]
[Date "2012.08.22"]
[Round "8.10"]
[White "Rivollier, Frederic"]
[Black "Georges, Lisa"]
[Result "0-1"]
[WhiteElo "1455"]
[BlackElo "1388"]
[PlyCount "101"]

1. e4 c5 2. Nf3 d6 3. Bb5+ Bd7 4. Bxd7+ Nxd7 5. O-O Ngf6 6. Nc3 g6 7. d4 cxd4
8. Nxd4 Bg7 9. Re1 O-O 10. Nd5 Nxd5 11. exd5 Nf6 12. Nf3 Rc8 13. Be3 Qc7 14. c3
Qa5 15. h3 a6 16. Bg5 h6 17. Bxf6 Bxf6 18. Qd2 h5 19. a3 Qc7 20. Qh6 Bg7 21.
Qe3 Rfe8 22. Rac1 Qa5 23. Rc2 Qxd5 24. Qe4 Qxe4 25. Rxe4 d5 26. Rb4 Rb8 27. Rd2
e6 28. Rd1 b5 29. Nd4 e5 30. Nc6 Rbc8 31. Na5 Rcd8 32. Nb7 Rb8 33. Na5 Rbd8 34.
a4 Bf8 35. Rb3 bxa4 36. Rb6 Re6 37. Rb7 Red6 38. Ra1 d4 39. Nc4 Rd5 40. Rxa4 d3
41. Ne3 d2 42. Nd1 Rb5 43. Rxb5 axb5 44. Ra7 b4 45. Kf1 bxc3 46. bxc3 Bh6 47.
Ke2 e4 48. Ra1 f5 49. Ra4 Bg7 50. Ra1 Rd3 51. c4 0-1

[Event "Championnat de France - Open D"]
[Site "PAU"]
[Date "2012.08.23"]
[Round "9.1"]
[White "Buyukyalcin-Moussa, Kadir"]
[Black "Thouvenin, Jean-Claude"]
[Result "0-1"]
[WhiteElo "1445"]
[BlackElo "1499"]
[PlyCount "78"]

1. e4 e6 2. d4 d5 3. e5 c5 4. c3 Bd7 5. Nf3 h6 6. Be2 Bc6 7. Nbd2 Nd7 8. Nf1
Qc7 9. Ne3 g5 10. h3 O-O-O 11. a3 f5 12. exf6 Ngxf6 13. Bd3 Ne4 14. Bxe4 dxe4
15. Nd2 cxd4 16. cxd4 Nf6 17. Qc2 Bg7 18. Qc4 Rhe8 19. Nb3 Nd5 20. O-O Nf4 21.
Rd1 Nd3 22. Nc5 Nf4 23. Nc2 Bd5 24. Bxf4 gxf4 25. Qc3 Kb8 26. Nb4 Ka8 27. Nxd5
exd5 28. Rac1 Qb8 29. a4 Bf6 30. a5 Rc8 31. Qb3 Rcd8 32. Na4 Qd6 33. Nc5 Rb8
34. Ra1 e3 35. Na4 Rbd8 36. Rdc1 Bxd4 37. Qd3 exf2+ 38. Kf1 Qb4 39. Qc2 Qb5+
0-1

[Event "Championnat de France - Open D"]
[Site "PAU"]
[Date "2012.08.23"]
[Round "9.2"]
[White "Azouni, Anais"]
[Black "Fares, Leo"]
[Result "1/2-1/2"]
[WhiteElo "1439"]
[BlackElo "1488"]
[PlyCount "128"]

1. e4 d5 2. exd5 Qxd5 3. Nc3 Qa5 4. d4 c6 5. Bc4 Nf6 6. Bd2 Qc7 7. Nf3 Bg4 8.
h3 Bh5 9. Bd3 e6 10. Ne4 Nbd7 11. Nxf6+ Nxf6 12. c4 Rd8 13. Bc3 b6 14. O-O Bd6
15. Re1 O-O 16. d5 exd5 17. Bxf6 gxf6 18. cxd5 cxd5 19. Rc1 Qb7 20. Qe2 Kh8 21.
Bb5 Rg8 22. Bc6 Qb8 23. Bxd5 Bh2+ 24. Kh1 Rxd5 25. Qe4 Bxf3 26. Qxf3 Qd6 27.
Rcd1 Rxd1 28. Rxd1 Qf4 29. Qxf4 Bxf4 30. g3 Bxg3 31. fxg3 Rxg3 32. Kh2 Re3 33.
Rd2 Kg7 34. Rg2+ Kf8 35. Rc2 a5 36. h4 Kg7 37. Kg1 Kh6 38. Rf2 Re6 39. Rf5 Rd6
40. Kf1 Kg6 41. Rb5 f5 42. Ke2 Rf6 43. Kf3 Kh5 44. Kg3 h6 45. Re5 Kg6 46. Kf4
Rc6 47. Rb5 f6 48. b3 Re6 49. Rxf5 Re5 50. h5+ Kf7 51. Rxe5 fxe5+ 52. Kxe5 Ke7
53. a4 Kf7 54. Kf5 Kg7 55. Ke6 Kg8 56. Kf6 Kh7 57. Kf7 Kh8 58. Kg6 Kg8 59. Kxh6
Kf7 60. Kh7 Kf6 61. h6 Kf7 62. Kh8 Kf8 63. Kh7 Kf7 64. Kh8 Kf8 1/2-1/2

[Event "Championnat de France - Open D"]
[Site "PAU"]
[Date "2012.08.23"]
[Round "9.3"]
[White "Baudry, Clement"]
[Black "Laudat, Philippe"]
[Result "1-0"]
[WhiteElo "1478"]
[BlackElo "1490"]
[PlyCount "129"]

1. e4 e5 2. Nf3 d6 3. Bc4 Bg4 4. c3 Bxf3 5. Qxf3 Nf6 6. d3 Be7 7. Be3 O-O 8.
Nd2 Nc6 9. Bb3 Na5 10. Bc2 Nc6 11. Bb3 Na5 12. Bc2 Nc6 13. Qg3 Qc8 14. h3 b5
15. O-O b4 16. Rab1 Rb8 17. Ba4 Nd8 18. d4 Qa6 19. Bb3 Qb7 20. d5 c5 21. Bh6 g6
22. Bxf8 Bxf8 23. Qe3 Qd7 24. Bd1 bxc3 25. bxc3 Rxb1 26. Nxb1 Qb7 27. Be2 a5
28. Qd2 Nxe4 29. Qd3 Nf6 30. Bf3 Qe7 31. Nd2 Bh6 32. Ne4 Nxe4 33. Qxe4 f5 34.
Qa4 e4 35. Be2 Qa7 36. Qe8+ Bf8 37. Qxd8 Qg7 38. Qxa5 Qh6 39. c4 e3 40. f3 Qf4
41. Qe1 Qd4 42. a4 Bh6 43. g3 g5 44. g4 fxg4 45. fxg4 Bg7 46. Qg3 Be5 47. Qf3
Bf4 48. h4 h6 49. a5 Qb2 50. a6 Qa2 51. a7 Qxa7 52. Qe4 Qa2 53. Qg6+ Kf8 54.
Qxh6+ Ke7 55. Qe6+ Kd8 56. Qf6+ Ke8 57. Qg6+ Kf8 58. Qd3 Qb2 59. hxg5 Qe5 60.
Qf5+ Ke7 61. Qxf4 Qb2 62. Qf7+ Kd8 63. Qf8+ Kc7 64. Rf7+ Kb6 65. Qb8+ 1-0